000
00507nam a2200181Ia 4500
008
090123s9999 xx 000 0 und d
082
_b
22138
100
_a
मुजावर बशीर
245
_a
गूढ कथा
250
_a
0
260
_b
साहेबजी प्रकाशन
_c
1993
300
_a
200
600
_a
मुजावर बशीर
630
_a
गूढ कथा
700
_a
मुजावर बशीर
730
_a
गूढ कथा
942
_c
BOOK
999
_c
60210
_d
60210